| 000 | 00495cam a2200205ua 4500 | ||
|---|---|---|---|
| 001 | 7071 | ||
| 005 | 20260515114141.0 | ||
| 008 | 141122n ii |||gr||||Z||||||eng | ||
| 020 | _a9789382358091 | ||
| 040 | _cMAIN | ||
| 041 | _aeng | ||
| 082 | _a330 | ||
| 100 |
_aNagre, Vijay H., _eAuthor. |
||
| 245 | 1 |
_aGlobalisation and Indian economics _cBy Vijay H. Nagre |
|
| 250 | _a1st. | ||
| 260 |
_aKanpur: _bChandralok prakashan, _c2012. |
||
| 300 | _a280p. | ||
| 653 | _aEconomics | ||
| 942 | _cBK | ||
| 999 |
_c6195 _d6195 |
||